|
|
|
|
| LEADER |
01094nam a22002651a 4500 |
| 020 |
|
|
|a 9788185692227
|c 0.00
|
| 040 |
|
|
|a SSUS - Library - Kalady
|
| 082 |
|
|
|a 305.894 8
|b DRA.3
|
| 100 |
|
|
|a Subramoniam V I (ed.)
|
| 245 |
|
|
|a Dravidian encyclopaedia (v.3 : language and literature)
|h [Text]
|
| 260 |
|
|
|a Thiruvananthapurm
|b International School of Dravidian Linguistics
|c 1997
|
| 300 |
|
|
|a 860p.
|
| 500 |
|
|
|a Subramoniam (ed.)
|
| 600 |
|
|
|a Encyclopaedia Dravidians
|
| 600 |
|
|
|a Language Dravidian
|
| 600 |
|
|
|a Literature Dravidian
|
| 600 |
|
|
|a Social Sciences
|
| 600 |
|
|
|a Social Groups Dravidians
|
| 852 |
|
|
|h 305.894 803
|i DRA.3
|p 033966
|9 1340.00
|t 0
|
| 852 |
|
|
|k Reference
|h 305.894 803
|i DRA.3
|p 033965
|9 1340.00
|t 0
|
| 942 |
|
|
|c BK
|
| 942 |
|
|
|c REF
|
| 999 |
|
|
|c 11372
|d 11372
|
| 952 |
|
|
|0 0
|1 0
|4 0
|6 305_894000000000000_803_DRA_3
|7 0
|9 16549
|a SSUS
|b SSUS
|d 2015-01-08
|g 1340.00
|o 305.894 803 DRA.3
|p 033966
|r 2015-01-08
|v 0.00
|w 2015-01-08
|y BK
|
| 952 |
|
|
|0 0
|1 0
|4 0
|6 R_305_894000000000000_803_DRA_3
|7 0
|9 16550
|a SSUS
|b SSUS
|d 2015-01-08
|g 1340.00
|o R 305.894 803 DRA.3
|p 033965
|r 2015-01-08
|v 0.00
|w 2015-01-08
|y REF
|